000 00336nam a22001577a 4500
020 _a978-1439854198
041 _aENG
100 _aBasavarajaiah B.S
245 _aStrength Of Materials
250 _a2 nd ED
260 _aDelhi
_bCBS Publishers
_c1998
300 _a639
650 _aFS
700 _aMahadevappa.P
856 _uFS
999 _c784
_d784